Ulkomaankauppa 1983

Salvato in:
Dettagli Bibliografici
Natura: Libro
Lingua:finlandese
Pubblicazione: Helsinky Tullihallitus 1984
Tags: Aggiungi Tag
Nessun Tag, puoi essere il primo ad aggiungerne!!

MARC

LEADER 00000nam a2200000 4500
001 c113140
005 20251204070118.1
041 0 |a fin 
044 |a FI 
245 1 0 |a Ulkomaankauppa 1983 
264 1 |a Helsinky  |b Tullihallitus  |c 1984 
300 |a 736 s.